000
00343nam a2200133Ia 4500
008
100328s9999 xx 000 0 und d
082
_b
60680
100
_a
दांडेकर रेणू.
245
_a
फुलोरा.
260
_b
शब्द.
630
_a
फुलोरा.
730
_a
फुलोरा.
942
_c
BOOK
999
_c
546808
_d
546805